| 000 | 00584nam a2200169Ia 4500 | ||
|---|---|---|---|
| 008 | 210428s9999 xx 000 0 und d | ||
| 020 | _a978-0131128743 | ||
| 082 | _a658.7 A742 I | ||
| 100 | _aArnold, J.R. Tony. | ||
| 245 | 0 | _aIntroduction to materials management / | |
| 250 | _a5th edition | ||
| 260 |
_bPrentice Hall, _a[S.l.] : _c2003 |
||
| 300 | _a480 p. ;24 cm. | ||
| 856 |
_uhttp://10.250.8.41:8080/xmlui/handle/123456789/46647 _yFor 6th edition click here |
||
| 856 |
_uhttp://10.250.8.41:8080/xmlui/handle/123456789/46648 _yFor 8th edition click here |
||
| 942 |
_cBK _2ddc |
||
| 999 |
_c559910 _d559910 |
||